David Letterman Top Ten List by Number One Entry Quiz Stats

 Plays Quiz not verified by Sporcle

Support Sporcle.
Go Orange.
Score 0/20 Timer 10:00
0 Plays Today
% Correct
Signs There are too Many Rats in NYC
87%
Ways to Make TV Better
86.7%
Good Things About Being Vice President
86.3%
Signs Your New Gym Teacher is Nuts
84.1%
Surfer Pet Peeves
83.2%
British Nicknames for Americans
82.8%
Least Popular Alcoholic Beverages
82.6%
Signs Your Neighbor is a Spy
79.6%
Signs You've Gone to a Bad Plastic Surgeon
77.3%
Ways to Make the Super Bowl More Exciting
77.3%
% Correct
Surprising Facts About the Average American
76%
Excuses for Filing You Taxes Late
75.1%
Least Popular Mall Shops
75%
Odd Fourtune-Cookie Fortunes
65.7%
Signs You've had too Much Coffee
63.7%
Rejected Campbell's Soup Slogans
61.9%
Bad Things About Living Longer
58.9%
Rejected Methods of Execution in New York State
57.7%
Killer-Bee Pet Peeves
51.6%
Rejected Batman Villains
37.2%

You're not logged in!

Compare scores with friends on all Sporcle quizzes.
OR
Log In

From the Vault

TV Pets and Animals (US)

by Booger

Nothing says loveable TV family like a cute pooch ... or octopus.
Remove Ads.
Support Sporcle.
Get the best of Sporcle when you Go Orange. This ad-free experience offers more features, more stats, and more fun while also helping to support Sporcle. Thank you for becoming a member.

Show Comments

Extras

Top Quizzes Today


Score Distribution

Your Account Isn't Verified!

In order to create a playlist on Sporcle, you need to verify the email address you used during registration. Go to your Sporcle Settings to finish the process.

Report this User

Report this user for behavior that violates our Community Guidelines.

Details: